000 00577nam a2200193Ii 4500
003 JO-AjNU
008 230606s9999||||xx |||||||||||||| ||und||
040 _aJO-AjNU
_beng
_erda
_cJO-AjNU
041 _aeng
050 1 4 _aPE1074.8.S27 2011
100 3 _aM.Sarada تأليف,
_eauthor
_92276
245 0 0 _aExploring Spoken English
264 3 1 _aNew Delhi:A P H Piblishing Corporation,2011
300 _a118p
336 _atext
_btxt
_2rdacontent
337 _aunmediated
_bn
_2rdamedia
338 _avolume
_bnc
_2rdacarrier
650 4 _aExploring Spoken English-English
_92277
999 _aE1191
_c1191
_d1191